Etica para máquinas

Furkejuvvon:
Bibliográfalaš dieđut
Váldodahkki: Latorre Sentís, José Ignacio (Dahkki)
Materiálatiipa: Girji
Giella:espánnjágiella
Almmustuhtton: Barcelona Planeta 2019
Fáttát:
Fáddágilkorat: Lasit fáddágilkoriid
Eai fáddágilkorat, Lasit vuosttaš fáddágilkora!

MARC

LEADER 00000cam a2200000 a 4500
001 UCC9945
003 CL-VaPUC
005 20220319074459.0
008 191129e20190000sp spa d
020 |a 9788434429659 
082 0 4 |a 171.7  |b LAT  |2 21 
100 |a Latorre Sentís, José Ignacio  |e author  |9 222257 
245 1 0 |a Etica para máquinas 
260 |a Barcelona  |b Planeta  |c 2019 
300 |a 312 p 
583 |a last modification  |c 20191129 11:37:00  |k cmena 
650 0 0 |a Ética  |9 255099 
650 0 7 |a INTELIGENCIA ARTIFICIAL  |2 CL-VaPUC  |9 605256 
650 0 7 |a DESARROLLO TECNOLOGICO  |2 CL-VaPUC  |9 259800 
942 |c BK 
945 |a cmena  |d 20191129 11:37:00 
999 |c 167680  |d 167678 
952 |0 0  |1 0  |2 ddc  |4 0  |7 0  |9 102018  |a BIBING  |b BIBING  |d 2019-10-08  |e 65  |g 21330.00  |i 5563607  |r 2019-10-08  |t 1  |v 21330.00  |w 2019-10-08  |y BK 
952 |0 0  |1 0  |3 erd  |4 0  |6 171_700000000000000_LAT_2019  |7 0  |8 A  |9 495541  |a BIBING  |b BIBING  |i 5563607  |o 171.7 LAT 2019  |p 5563607  |r 2025-01-20  |w 2020-01-06  |y BK  |z Catalogado en:20191129  |k EII